El Greco
保存先:
| 第一著者: | |
|---|---|
| フォーマット: | 図書 |
| 言語: | 英語 |
| 出版事項: |
Londres
Spring Books
1963
|
| 主題: | |
| タグ: |
タグ追加
タグなし, このレコードへの初めてのタグを付けませんか!
|
MARC
| LEADER | 00000nam a2200000 a 4500 | ||
|---|---|---|---|
| 001 | UCZ1263 | ||
| 003 | CL-VaPUC | ||
| 008 | 950817e19630000UK |||||||||||||||||eng|d | ||
| 082 | 0 | 4 | |a 759.46 |b TRO |2 21 |
| 100 | 0 | |a Troutman, Philip |e author |9 344766 | |
| 245 | 1 | 3 | |a El Greco |
| 300 | |a 40+48 p | ||
| 942 | |c BK | ||
| 945 | |d 19950817 00:00:00 |a awong | ||
| 260 | |a Londres |b Spring Books |c 1963 | ||
| 600 | 0 | 7 | |a THEOTOCOPULI, DOMENICO |2 CL-VaPUC |9 341178 |
| 650 | 0 | |a Pintura española |9 315217 | |
| 650 | 0 | |a Pintores españoles |9 315216 | |
| 650 | 0 | |a Biografías |9 255210 | |
| 650 | 0 | |a Arte |9 265238 | |
| 651 | 0 | |a España |9 254926 | |
| 583 | |a last modification |c 19950817 00:00:00 |k Rodrigo Vera | ||
| 999 | |c 238039 |d 238037 | ||
| 952 | |0 0 |1 0 |4 0 |6 759_460000000000000_TRO_1963 |7 0 |8 A |9 247958 |a BIBHIS |b BIBHIS |d 2019-11-18 |i 2009412 |o 759.46 TRO 1963 |p 2009412 |r 2025-01-20 |w 2019-11-18 |y BK |k HIS | ||